000 01181nam a2200289 i 4500
001 13452
003 ES-MaACL
005 20250821102259.0
007 t|
008 980407s1985 sp a c |||| | spa d
020 _a84-398-4272-4
080 _a76:069.538(460.27 M.)
080 _a069.538(460.27 M.):76
110 2 _aMuseo Municipal de Madrid
_95892
245 1 0 _aCatálogo del Gabinete de Estampas del Museo Municipal de Madrid.
_nI,
_pEstampas españolas : grabado, 1550-1820 /
_cJuan Carrete, Estrella de Diego, Jesusa Vega ; con un texto de Enrique Tierno Galván sobre "Libros ilustrados españoles".
260 _aMadrid :
_bAyuntamiento de Madrid, Concejalía de Cultura,
_c1985.
300 _a2 v. :
_bil. ;
_c22 x 29 cm.
650 4 _aGrabado-
_zMuseo Municipal de Madrid-
_vCatálogos.
_913146
700 1 _aCarrete, Juan.
_935708
700 1 _aDiego Otero, Estrella de,
_d1958-
_944542
700 1 _aVega, Jesusa,
_d1957-
_9113553
700 1 _aTierno Galván, Enrique,
_d1918-1986
_9110235
710 1 _aMadrid.
_bConcejalía de Cultura.
_95574
740 0 2 _aLibros ilustrados españoles.
852 4 _aES-MaACL
_jL-20874-75
999 _c13452
_d13452